A-Z Cities: Texas - Statistics

General Stats
  • This quiz has been taken 40 times
  • The average score is 17 of 25
Answer Stats
Letter City % Correct
A Abernathy/Abilene/Ackerly/Adrian/Alice/Allamoore/Allen/Alpine/Altuda/Amarillo/Anahuac/Andrews/Angeles/Anthony/Aransas Pass/Arlington/Aspermont/Athens/Atlanta/Austin/Azle
100%
H Harker Heights/Harlingen/Haskell/Hearne/Hebbronville/Helotes/Henderson/Hereford/Hermleigh/Hewitt/Hillsboro/Hondo/Horizon City/Houston/Humble/Huntsville
97%
D Dalhart/Dallas/Decatur/Del Rio/Dell City/Denison/Denver City/DeSoto/Devine/Diboll/Dilley/Dimmit/Dryden/Dumas/Dyess AFB
94%
S San Angelo/San Antonio/San Augustine/San Benito/San Diego/San Marcos/San Saba/Sanderson/Santa Anna/Scotland/Seadrift/Seagraves/Seguin/Seminole/Seymour/Shafter/Shallowater/Shamrock/Sheffield/Sherman/Shiner/Sierra Blanca/Silverton/Slaton/Snyder/Socorro/Sonora/South Padre Island/Spearman/Spring/Spur/St Jo/Stanton/Stratford/Stephenville/Sterling City/Stockdale/Sudan/Sugar Land/Sulphur Springs/Sundown/Sunray/Sweetwater
94%
E Eagle Lake/Earth/Eastland/Ector/Eden/Edna/El Campo/El Paso/Eldorado/Electra/Elgin/Elkhart/Emory/Encinal/Encino/Esperanza/Estelline
91%
F Fabens/Fairfield/Falfurrias/Fannin/Floresville/Floydada/Fort Davis/Fort Hancock/Fort Hood/Fort Stockton/Fort Worth/Fredericksburg/Freeport/Freer/Friona/Fritch
89%
C Cactus/Calliham/Camp Swift/Campbellton/Canadian/Candelaria/Canton/Canutillo/Canyon/Carrizo Springs/Carta Valley/Carthage/Catarina/Clarksville/Clint/Clyde/Center/Childress/Chillicothe/Cisco/Clarendon/Claude/Coahoma/Coleman/College Station/Colorado City/Columbus/Comanche/Comfort/Commerce/Concan/Conroe/Copperas Cove/Cornudas/Corpus Christi/Corsicana/Cotulla/Crane/Crockett/Crosbyton/Crowell/Crystal City/Cuero/Cypress
86%
B Ballinger/Balmorhea/Barnhart/Batesville/Bay City/Baytown/Beaumont/Beeville/Bellmead/Belton/Benbrook/Big Lake/Big Spring/Boerne/Booker/Borger/Bowie/Brackettville/Brady/Breckenridge/Brenham/Brownfield/Brownsville/Brownwood/Buda/Burkburnett/Burleson/Buffalo Springs/Burleson/Burnet/Byers
83%
W Waco/Waka/Wall/Waxahachie/Weatherford/Wellington/West Point/Wharton/Wheeler/Whiteflat/Whitesboro/Wichita Falls/Wickett/Wills Point/Wimberley/Wink/Winnie/Winters/Wolfforth/Woodville/Woodway
83%
L La Grange/La Pryor/La Vernia/Lajitas/Lake Jackson/Lakeview/Lakeway/Lamesa/Lampasas/Langtry/Laredo/Latexo/League City/Leakey/Leander/Levelland/Lexington/Liberty/Lindale/Littlefield/Livingston/Llano/London/Longview/Los Angeles/Los Fresnos/Loyola Beach/Lubbock/Lufkin
80%
P Paduca/Palestine/Pampa/Pandale/Panhandle/Paris/Pasadena/Pawnee/Pearland/Pearsall/Pecos/Perico/Perryton/Pflugerville/Pine Springs/Pittsburg/Plains/Plainview/Plano/Plata/Pleasanton/Poteet/Port Aransas/Port Arthur/Port Isabel/Port Lavaca/Port O'Connor/Post/Putnam
80%
G Gail/Gainesvilles/Galveston/Garden City/Garland/Gatesville/George West/Gerogetown/Giddings/Gilmer/Goliad/Gonzales/Goodnight/Graham/Granbury/Grandfalls/Grape Creek/Grapevine/Groom/Guthrie
77%
O O'Brien/O'Donnell/Oakhurst/Oak Ridge/Oakwood/Odell/Odem/Odessa/Oglesby/Oilton/Oklaunion/Olney/Olton/Omaha/Onalaska/Orange/Orchard/Ore City/Orla/Overton/Ozona
77%
M Madisonville/Mansfield/Marathon/Marble Falls/Marfa/Marshall/Mart/Mason/Matador/Matagorda/Mathis/McAllen/McDonald/McLean/Medina/Melvin/Memphis/Menard/Mentone/Mercedes/Mertzon/Midland/Mineola/Mission/Monohans/Moore/Morton/Mt Pleasant/Mt Vernon/Muleshoe/Munday/Myra
74%
T Temple/Terlingua/Texarkana/Texas City/Texline/Texon/The Woodlands/Three Rivers/Tilden/Tornillo/Trinity/Troy/Tulia/Turkey/Tye/Tyler
74%
I Iago/Idalou/Iglesia Antigua/Impact/Imperial/Indian Hills/Indian Lake/Indian Springs/Industry/Inez/Ingram/Iola/Iowa Colony/Iowa Park/Ira/Iraan/Irving/Italy/Itasca/Ivanhoe
63%
K Kamay/Karnes City/Katy/Kaufman/Kempner/Kenedy/Kennard/Kermit/Kerrville/Kilgore/Killeen/Kingsville/Kirbyville/Knox City/Kress/Kyle
60%
V Val Verde Park/Valentine/Valley Vista/Valley Mills/Valley View/Van/Van Horn/Vanderbilt/Vanderpool/Vega/Venus/Vera/Vernon/Viarreal/Victoria/Vidor/Vigo Park/Villa Verde/Vinton
60%
J Jacinto City/Jacksboro/Jacksonville/Jasper/Jayton/Jefferson/Jersey Village/Jewett/Jolly/Jonestown/Joshua/Junction/Juno/Justiceburg/Justin
57%
R Ramirez/Randado/Ranger/Rankin/Refugio/Reklaw/Richardson/Rio Hondo/Riverside/Riviera/Roans Prarie/Rockport/Rocksprings/Ropesville/Rosenfeld/Round Rock/Ruidosa/Rusk/Ryan
57%
N Nacogdoches/Naples/Narcisso/Navasota/Nazareth/Neches/Nederland/Needville/New Boston/New Braunfels/Newlin/Nixon/Nocona/Noonday/Norias/Normangee/Northfield/Noxville/Nursery
46%
U Uhland/Uncertain/Union Grove/Union Valley/Universal City/University Park/Utopia/Uvalde/Uvalde Estates
46%
Q Quail/Quail Creek/Quanah/Quebec/Queen City/Quemado/Quintana/Quinlan/Quitaque/Quitman
34%
Z Zapata/Zapata Ranch/Zarate/Zavalla/Zella/Zuehl
26%
Y Yantis/Yoakum/Yorktown/Yznaga
17%
No matching quizzes found
Score Distribution
Percent of People with Each Score
Percentile by Number Answered
Your Score History
You have not taken this quiz